000
00292nam a2200121Ia 4500
008
191201s2002 xx 000 0 und d
100
_a
FAVRO, Brain
245
0
_a
Office XP Comprehensive Course
260
_a
N.Delhi
_b
Shroff
_c
2002
300
_a
1170
650
_a
B.Tech(IT)
942
_2
ddc
_c
BK
999
_c
3122
_d
3122